Principles of electromechanical-energy conversion (Record no. 23169)

000 -LEADER
fixed length control field 00596nam a22002051 4500
001 - CONTROL NUMBER
control field 23169
003 - CONTROL NUMBER IDENTIFIER
control field BD-DhUET
008 - FIXED-LENGTH DATA ELEMENTS--GENERAL INFORMATION
fixed length control field 730301s1966 xx 000 0 eng
040 ## - CATALOGING SOURCE
Original cataloging agency DLC
Transcribing agency DLC
Modifying agency BD-DhUET
082 ## - DEWEY DECIMAL CLASSIFICATION NUMBER
Classification number 623.13
Item number MEI/1966
100 ## - MAIN ENTRY--PERSONAL NAME
Personal name Meisel, Jerome
245 10 - TITLE STATEMENT
Title Principles of electromechanical-energy conversion
250 ## - EDITION STATEMENT
Edition statement 1st ed.
260 ## - PUBLICATION, DISTRIBUTION, ETC. (IMPRINT)
Place of publication, distribution, etc. New York
Name of publisher, distributor, etc. McGraw-Hill
Date of publication, distribution, etc. 1966
300 ## - PHYSICAL DESCRIPTION
Extent xvii, 639p.
Other physical details ill.
490 ## - SERIES STATEMENT
Series statement McGraw-Hill electrical and electronic engineering series
504 ## - BIBLIOGRAPHY, ETC. NOTE
Bibliography, etc Includes bibliographies
650 #0 - SUBJECT ADDED ENTRY--TOPICAL TERM
Topical term or geographic name as entry element Mechinery: Electrical engineering
942 ## - ADDED ENTRY ELEMENTS (KOHA)
Koha item type General Book
Holdings
Withdrawn status Koha item type Source of classification or shelving scheme Koha date last seen Date acquired Copy number Location (home branch) Not for loan Price effective from Koha normalized classification for sorting Koha full call number Damaged status Lost status Sublocation or collection (holding branch) Piece designation (barcode) Shelving location
 General Book 2015-05-032015-05-031Central Library, BUET 2015-05-03623_130000000000000_MEI_1968623.13/MEI/1968  Central Library, BUET11878Circulation section
 General Book 2015-05-032015-05-032Central Library, BUET 2015-05-03623_130000000000000_MEI_1966623.13/MEI/1966  Central Library, BUET11877Circulation section
 General Book 2015-05-032015-05-033Central Library, BUET 2015-05-03623_130000000000000_MEI_1966623.13/MEI/1966  Central Library, BUET11875Circulation section
 General Book 2015-05-032015-05-034Central Library, BUET 2015-05-03623_130000000000000_MEI_1966623.13/MEI/1966  Central Library, BUET11438Circulation section
 General Book 2015-05-032015-05-035Central Library, BUET 2015-05-03623_130000000000000_MEI_1966623.13/MEI/1966  Central Library, BUET11876Circulation section
 General Book 2015-05-032015-05-036Central Library, BUET 2015-05-03623_130000000000000_MEI_1966623.13/MEI/1966  Central Library, BUET11437Circulation section
 General Book 2015-05-032015-05-037Central Library, BUET 2015-05-03623_130000000000000_MEI_1966623.13/MEI/1966  Central Library, BUET11879Circulation section
 General Book 2015-05-032015-05-038Central Library, BUET 2015-05-03623_130000000000000_MEI_1966623.13/MEI/1966  Central Library, BUET84929Circulation section
 General Book 2015-05-072015-05-079Central Library, BUET 2015-05-07623_130000000000000_MEI_1966623.13/MEI/1966  Central Library, BUET15539Circulation section
 General Book 2015-07-122015-07-1210Central Library, BUET 2015-07-12623_130000000000000_MEI_1966623.13/MEI/1966  Central Library, BUET39251Circulation section